5HLuxD.jpg

KING HENRY VIII SENIOR AND PRIMARY SCHOOL LIBRARY OPAC

DISCOVERING ANCIENT EGYPT (Record no. 4562)

000 -LEADER
fixed length control field 00334nam a22001217a 4500
008 - FIXED-LENGTH DATA ELEMENTS--GENERAL INFORMATION
fixed length control field 250228b ||||| |||| 00| 0 eng d
020 ## - INTERNATIONAL STANDARD BOOK NUMBER
International Standard Book Number 9781847502988
082 ## - DEWEY DECIMAL CLASSIFICATION NUMBER
Classification number 932 ALL
100 ## - MAIN ENTRY--PERSONAL NAME
Personal name ALL
245 ## - TITLE STATEMENT
Title DISCOVERING ANCIENT EGYPT
260 ## - PUBLICATION, DISTRIBUTION, ETC.
Place of publication, distribution, etc. 2ND FLOOR,314 REGENTS PARK ROAD LONDON N3 2JX
Name of publisher, distributor, etc. ALLIGATOR PRODUCTS LTD
Date of publication, distribution, etc. 2019
942 ## - ADDED ENTRY ELEMENTS (KOHA)
Source of classification or shelving scheme
Holdings
Withdrawn status Lost status Source of classification or shelving scheme Damaged status Not for loan Collection code Permanent Location Current Location Shelving location Date acquired Full call number Barcode Date last seen Price effective from Koha item type Public note
          Non-Fiction KH8 Primary School Library KH8 Primary School Library Non Fiction 2025-02-28 932 ALL KHPL000006362 2025-12-05 2025-02-28 Books - Non Ficton KH8 PRIMARY LIBRARY

Powered By KH8 IT Dept